<?xml version="1.0" encoding="UTF-8"?>
<record
    xmlns:xsi="http://www.w3.org/2001/XMLSchema-instance"
    xsi:schemaLocation="http://www.loc.gov/MARC21/slim http://www.loc.gov/standards/marcxml/schema/MARC21slim.xsd"
    xmlns="http://www.loc.gov/MARC21/slim">

  <leader>02758nam a2200577 a 4500</leader>
  <controlfield tag="001">000004149</controlfield>
  <controlfield tag="003">DO-SdBM</controlfield>
  <controlfield tag="005">20260127110349.0</controlfield>
  <controlfield tag="007">ta</controlfield>
  <controlfield tag="008">090717e2006    dr a   fr     001 0dspa d</controlfield>
  <datafield tag="020" ind1=" " ind2=" ">
    <subfield code="a">9945160672</subfield>
  </datafield>
  <datafield tag="040" ind1=" " ind2=" ">
    <subfield code="a">DO-SdBM</subfield>
    <subfield code="b">spa</subfield>
    <subfield code="c">BPMSU </subfield>
    <subfield code="d">rda</subfield>
  </datafield>
  <datafield tag="082" ind1=" " ind2="4">
    <subfield code="a">370.114</subfield>
    <subfield code="b">G861e</subfield>
    <subfield code="2">22</subfield>
  </datafield>
  <datafield tag="100" ind1="1" ind2=" ">
    <subfield code="a">Grimaldi Sili&#xE9;, Eleanor, </subfield>
    <subfield code="d">1948-</subfield>
  </datafield>
  <datafield tag="100" ind1="z" ind2=" ">
    <subfield code="a">Sili&#xE9;, Eleanor Grimaldi,</subfield>
    <subfield code="d">1948-</subfield>
  </datafield>
  <datafield tag="245" ind1="1" ind2="0">
    <subfield code="a">&#xC9;tica y pedagog&#xED;a :</subfield>
    <subfield code="b">principios &#xE9;ticos para un docente /</subfield>
    <subfield code="c">Eleanor Grimaldi Sili&#xE9; ; Pr&#xF3;logo Margarita Luciano de Sang.</subfield>
  </datafield>
  <datafield tag="260" ind1=" " ind2=" ">
    <subfield code="b">,</subfield>
  </datafield>
  <datafield tag="264" ind1=" " ind2=" ">
    <subfield code="a">Santo Domingo :</subfield>
    <subfield code="b">Universidad Dominicana O&amp;M</subfield>
    <subfield code="c">2006.</subfield>
  </datafield>
  <datafield tag="300" ind1=" " ind2=" ">
    <subfield code="a">128 p&#xE1;ginas ;</subfield>
    <subfield code="c">24 cm.</subfield>
  </datafield>
  <datafield tag="336" ind1=" " ind2=" ">
    <subfield code="a">texto</subfield>
    <subfield code="b">txt</subfield>
    <subfield code="2">rdacontent</subfield>
  </datafield>
  <datafield tag="337" ind1=" " ind2=" ">
    <subfield code="a">sin mediaci&#xF3;n</subfield>
    <subfield code="b">n</subfield>
    <subfield code="2">rdamedia</subfield>
  </datafield>
  <datafield tag="338" ind1=" " ind2=" ">
    <subfield code="a">volumen</subfield>
    <subfield code="b">nc</subfield>
    <subfield code="2">rdacarrier</subfield>
  </datafield>
  <datafield tag="500" ind1=" " ind2=" ">
    <subfield code="a">Incluye &#xED;ndice onom&#xE1;stico.</subfield>
  </datafield>
  <datafield tag="500" ind1=" " ind2=" ">
    <subfield code="a">Incluye datos biogr&#xE1;ficos de la autora en la solapa de la cubierta.</subfield>
  </datafield>
  <datafield tag="504" ind1=" " ind2=" ">
    <subfield code="a">Bibliograf&#xED;as : p. 125</subfield>
  </datafield>
  <datafield tag="505" ind1=" " ind2=" ">
    <subfield code="a">Presentaci&#xF3;n--</subfield>
    <subfield code="t">Introducci&#xF3;n--</subfield>
    <subfield code="t">Pr&#xF3;logo--</subfield>
    <subfield code="t">1. La &#xE9;tica y sus diferentes vertientes--</subfield>
    <subfield code="t">2. La &#xE9;tica como filosof&#xED;a moral--</subfield>
    <subfield code="t">3. La &#xE9;tica marxista--</subfield>
    <subfield code="t">4. La moral. su relaci&#xF3;n con la &#xE9;tica--</subfield>
    <subfield code="t">5. &#xBF;Qu&#xE9; ha ocurrido con la moral y c&#xED;vica en nuestro pa&#xED;s?--</subfield>
    <subfield code="t">6. Los valores--</subfield>
    <subfield code="t">7. Los valores en la sociedad latina--</subfield>
    <subfield code="t">8. La condici&#xF3;n humana y la &#xE9;tica--</subfield>
    <subfield code="t">9. La educaci&#xF3;n c&#xED;vica y su importancia para el desarrollo de la sociedad. Complemento de la &#xC9;tica--</subfield>
    <subfield code="t">10. &#xC9;tica y la condici&#xF3;n de ser maestro--</subfield>
    <subfield code="t">11. La universidad. Su misi&#xF3;n creadora e innovadora del conocimiento.--</subfield>
    <subfield code="t">12. La &#xE9;tica en el reglamento de profesores de la universidad--</subfield>
    <subfield code="t">13. Cualidades que complementan la labor de un maestro--</subfield>
    <subfield code="t">14. Pensadores de la humanidad y la &#xE9;tica--</subfield>
    <subfield code="t">15. Algunos precursores de la &#xE9;tica en Rep&#xFA;blica Dominicana--</subfield>
    <subfield code="t">Bibliograf&#xED;a--</subfield>
    <subfield code="t">&#xCD;ndice onom&#xE1;stico.</subfield>
  </datafield>
  <datafield tag="590" ind1=" " ind2=" ">
    <subfield code="a">Inventariado, 2026/VM</subfield>
  </datafield>
  <datafield tag="650" ind1=" " ind2="7">
    <subfield code="a">Educaci&#xF3;n moral</subfield>
  </datafield>
  <datafield tag="650" ind1=" " ind2="7">
    <subfield code="a">Maestros</subfield>
    <subfield code="x">&#xC9;tica profesional</subfield>
    <subfield code="z"> </subfield>
  </datafield>
  <datafield tag="650" ind1=" " ind2="7">
    <subfield code="a">&#xC9;tica pedag&#xF3;gica. </subfield>
  </datafield>
  <datafield tag="650" ind1=" " ind2="0">
    <subfield code="a">&#xC9;tica social </subfield>
  </datafield>
  <datafield tag="650" ind1=" " ind2="0">
    <subfield code="a">Valores (Filosof&#xED;a)</subfield>
  </datafield>
  <datafield tag="650" ind1=" " ind2="4">
    <subfield code="a">Conducta social</subfield>
  </datafield>
  <datafield tag="650" ind1=" " ind2="4">
    <subfield code="a">Estudiantes</subfield>
    <subfield code="x">Conducta de vida</subfield>
  </datafield>
  <datafield tag="650" ind1="z" ind2=" ">
    <subfield code="a">Moral education</subfield>
  </datafield>
  <datafield tag="650" ind1="z" ind2=" ">
    <subfield code="a">Educaci&#xF3;n &#xE9;tica</subfield>
  </datafield>
  <datafield tag="650" ind1="z" ind2=" ">
    <subfield code="a">Citizenship</subfield>
  </datafield>
  <datafield tag="650" ind1="z" ind2=" ">
    <subfield code="a">Ciudadan&#xED;a </subfield>
    <subfield code="x">Leyes y legislaci&#xF3;n</subfield>
  </datafield>
  <datafield tag="650" ind1="z" ind2=" ">
    <subfield code="a">Citizenship (International law)</subfield>
  </datafield>
  <datafield tag="650" ind1="z" ind2=" ">
    <subfield code="a">Ciudadan&#xED;a (Derecho international)</subfield>
  </datafield>
  <datafield tag="650" ind1="z" ind2=" ">
    <subfield code="a"> Nacionalidad (Ciudadan&#xED;a )</subfield>
  </datafield>
  <datafield tag="650" ind1="z" ind2=" ">
    <subfield code="a"> Social ethics</subfield>
  </datafield>
  <datafield tag="650" ind1="z" ind2=" ">
    <subfield code="a">Values</subfield>
  </datafield>
  <datafield tag="650" ind1="z" ind2=" ">
    <subfield code="a"> Axiolog&#xED;a</subfield>
  </datafield>
  <datafield tag="650" ind1="z" ind2=" ">
    <subfield code="a"> Teor&#xED;a de los valores</subfield>
  </datafield>
  <datafield tag="650" ind1="z" ind2=" ">
    <subfield code="a">Valores, Teor&#xED;a de los</subfield>
  </datafield>
  <datafield tag="700" ind1="1" ind2=" ">
    <subfield code="a">Luciano L&#xF3;pez, Margarita,</subfield>
    <subfield code="d">1950-</subfield>
    <subfield code="e">pr&#xF3;logo</subfield>
  </datafield>
  <datafield tag="710" ind1="2" ind2=" ">
    <subfield code="a">Universidad Dominicana O&amp;M</subfield>
  </datafield>
  <datafield tag="910" ind1=" " ind2=" ">
    <subfield code="a">VMateo V. Control de calidad BPMSU </subfield>
  </datafield>
  <datafield tag="942" ind1=" " ind2=" ">
    <subfield code="2">ddc</subfield>
    <subfield code="c">BK</subfield>
  </datafield>
  <datafield tag="952" ind1=" " ind2=" ">
    <subfield code="0">0</subfield>
    <subfield code="1">0</subfield>
    <subfield code="2">ddc</subfield>
    <subfield code="7">0</subfield>
    <subfield code="8">CD</subfield>
    <subfield code="a">BPMET</subfield>
    <subfield code="b">BPMET</subfield>
    <subfield code="d">2026-01-27</subfield>
    <subfield code="l">0</subfield>
    <subfield code="o">BPMSU CD 370.114 G861e 2006</subfield>
    <subfield code="p">BPMSU26010048</subfield>
    <subfield code="r">2026-01-27</subfield>
    <subfield code="w">2026-01-27</subfield>
    <subfield code="y">BK</subfield>
  </datafield>
  <datafield tag="999" ind1=" " ind2=" ">
    <subfield code="c">15629</subfield>
    <subfield code="d">15629</subfield>
  </datafield>
</record>
